| 000 | 00480cam a2200193ua 4500 | ||
|---|---|---|---|
| 020 | _c55.00 | ||
| 041 |
_aeng _h |
||
| 082 |
_a624.15136 _bDAS/IN |
||
| 100 | _aDas, Braja M . | ||
| 245 |
_aIntroduction to soil mechanics / _cBraja M Das. _hTextual Documents |
||
| 250 |
_a1 / _b. |
||
| 260 |
_aNewyork : _bGalgotia publication pvt ltd , _c1989. |
||
| 300 | _a164 ; . | ||
| 365 | _a55.00 | ||
| 504 | _a | ||
| 942 | _cBK | ||
| 999 |
_c9198 _d9198 |
||